Cultivating Reverence through divine paternity : (Record no. 25163)
[ view plain ]
| 000 -LEADER | |
|---|---|
| fixed length control field | 00632nam a22001697a 4500 |
| 003 - CONTROL NUMBER IDENTIFIER | |
| control field | AUA.1 |
| 005 - DATE AND TIME OF LATEST TRANSACTION | |
| control field | 20251016140600.0 |
| 008 - FIXED-LENGTH DATA ELEMENTS--GENERAL INFORMATION | |
| fixed length control field | 250709b |||||||| |||| 00| 0 eng d |
| 040 ## - CATALOGING SOURCE | |
| Transcribing agency | JTL |
| 100 ## - MAIN ENTRY--PERSONAL NAME | |
| Personal name | Mory, Rija Esperanto |
| 245 ## - TITLE STATEMENT | |
| Title | Cultivating Reverence through divine paternity : |
| Remainder of title | A strategic approach to enhancing reverence through prayer practices at Oasis Radio, Antananarivo / |
| Statement of responsibility, etc | Rija Esperanto Mory. |
| 260 ## - PUBLICATION, DISTRIBUTION, ETC. (IMPRINT) | |
| Date of publication, distribution, etc | c2025 |
| 300 ## - PHYSICAL DESCRIPTION | |
| Extent | xii,120 leaves : |
| Other physical details | Illustrations : |
| Dimensions | 30cm. |
| 610 ## - SUBJECT ADDED ENTRY--CORPORATE NAME | |
| Corporate name or jurisdiction name as entry element | Oasis Radio |
| Geographic subdivision | Antananarivo, Madagascar |
| 650 ## - SUBJECT ADDED ENTRY--TOPICAL TERM | |
| Topical term or geographic name as entry element | Prayer |
| General subdivision | Christianity |
| 942 ## - ADDED ENTRY ELEMENTS (KOHA) | |
| Source of classification or shelving scheme | AUA Inhouse Classification |
| Koha item type | Project |
| Classification part | MDiv |
| Item part | .M67 2025 |
| Withdrawn status | Lost status | Source of classification or shelving scheme | Damaged status | Not for loan | Collection code | Home library | Current library | Shelving location | Date acquired | Source of acquisition | Cost, normal purchase price | Serial Enumeration / chronology | Total Checkouts | Full call number | Barcode | Date last seen | Cost, replacement price | Price effective from | Koha item type |
|---|---|---|---|---|---|---|---|---|---|---|---|---|---|---|---|---|---|---|---|
| Library of Congress Classification | JTL Research Collection | Judith Thomas Library | Judith Thomas Library | Judith Thomas Library Research Section | 09/07/2025 | Theological Seminary | 25.00 | AUA27981 | MDiv .M67 2025 | AUA27891 | 09/07/2025 | 25.00 | 09/07/2025 | Project |